| 000 | 00000nam 2200000za 4500 |
| 001 | 9.698812 |
| 003 | CaOODSP |
| 005 | 20210625000110 |
| 007 | cr ||||||||||| |
| 008 | 150407|2009||||xxc|||||o f|0| 0 eng d |
| 040 | |aCaOODSP|beng |
| 043 | |an-cn--- |
| 086 | 1 |aSE3-80/2009E-PDF |
| 245 | 00|aMapping the legal consciousness of First Nations voters |h[electronic resource] : |bunderstanding voting rights mobilization / |c[by] Dr. Lesley A. Jacobs, York University. |
| 260 | |aOttawa : |bElections Canada, |c[2009]. |
| 300 | |a29 p. |
| 504 | |aIncludes bibliographical references. |
| 590 | |a14-07-Supp|b2014-04-03 |
| 690 | 07|aIndigenous peoples|2gcpds |
| 690 | 07|aCitizen participation|2gcpds |
| 690 | 07|aElections|2gcpds |
| 710 | 2 |aElections Canada. |
| 720 | 1 |aJacobs, Lesley A. |
| 775 | 08|tPortrait de la conscience juridique des électeurs des Premières nations |w(CaOODSP)9.642823 |
| 856 | 40|ahttp://publications.gc.ca|qPDF|s209 KB|uhttps://publications.gc.ca/collections/collection_2014/elections/SE3-80-2009-eng.pdf |